00734cam a2200229 u 450000100060000000300080000600500170001400800410003102000150007203500190008704000320010604100080013808200230014610000320016924500680020126000310026930000250030050000700032550000200039550400320041560000570044730732BD-RjUL20211209051617.0140412s1978 ii b 001 0 eng d a033390222X a(BD-RjUL)30819 aDLCcDLCdDLCdBD-RjULbeng aeng00a320.5323bMOP 19781 aMohanty, Manoranjan,d1942-14aThe political philosophy of Mao Tse-tung /cManoranjan Mohanty. aDelhi :bMacmillan,c1978. aix, 206 p. ;c22 cm. aAppendix (p. [183]-190): Mao Tse-tung, a biographical chronology. aIncludes index. aBibliography: p. [191]-200.10aMao, Zedong,d1893-1976xPolitical and social views.